000 01167nam a22003377a 4500
003 CHAP
005 20220329135311.0
008 971013s1987 r 00010 d
010 _a34024
011 _a34996
035 _a39112
040 _cCHAP
090 _aTesis
100 0 0 _aMéndez Velázquez, Eric.
_976595
245 _aAplicación de sustancias promotoras de la brotación en yemas de manzano (Malus pumila Mill) Cv tropical beauty Chapingo, Méx.
260 _aChapingo, Méx. :
_bEl autor,
_c1987
300 _a45 h.
_b; gráfs
502 _aTesis (Ing. Agr. Esp. en Fitotecnia) -- UACH. Departamento de Fitotecnia
590 _aALEPH
_b10
_c20130110
_lUCH01
_h1259
590 _aBATCH-UPD
_b10
_c20130110
_lUCH01
_h1640
590 _aBATCH-UPD
_b10
_c20130410
_lUCH01
_h1031
590 _aBATCH-UPD
_b10
_c20130914
_lUCH01
_h1723
590 _aCONVERSION
_b10
_c20130109
_lUCH01
_h1319
650 1 4 _aLetargo en plantas.
_966367
650 1 4 _aManzana
_xVariedades.
_970810
650 1 4 _aManzana
_xYemas.
_970814
650 1 4 _aPlantas
_xCrecimiento
_xAditivos.
_988804
901 _aBK
942 _cTESIS
949 _bBC
_cTES
_d-89349
_eTS1
_h20206
_i39112
_si
999 _c34024
_d34024